[Event "Natal"]
[Site "Natal"]
[Date "2009.11.??"]
[Round "3"]
[White "Pinto, Carlos Henrique Lop"]
[Black "Fernando, Diogo"]
[Result "0-1"]
[WhiteElo "2071"]
[BlackElo "2488"]
[PlyCount "62"]
[EventDate "2009.11.??"]
[EventType "tourn"]
[EventRounds "9"]
[EventCountry "BRA"]
[EventCategory "1"]
[SourceTitle "CBM 133 Extra"]
[Source "ChessBase"]
[SourceDate "2010.01.05"]
[SourceVersion "1"]
[SourceVersionDate "2010.01.05"]
[SourceQuality "1"]

1. d4 Nf6 2. c4 e6 3. Nc3 Bb4 4. a3 Bxc3+ 5. bxc3 b6 6. f3 Ba6 7. e4 Nc6 8. Bd3 Na5 9. Qe2 d6 10. f4 c5 11. e5 dxe5 12. dxe5 Ng8 13. Nf3 Qd7 14. 0-0 0-0-0 15. Rd1 Bxc4 16. Ne1 Ne7 17. Be3 Bxd3 18. Rxd3 Qc6 19. Rad1 Rxd3 20. Qxd3 Nd5 21. Nf3 h6 22. Bc1 Qa4 23. f5 Qc4 24. fxe6 Qxd3 25. Rxd3 fxe6 26. Nd2 Nf4 27. Re3 Rd8 28. a4 Nd3 29. Ba3 Nb2 30. Re2 Nxa4 31. Ne4 Nc4 0-1

[Event "Recife CBX 1st"]
[Site "Recife"]
[Date "2009.10.26"]
[Round "6.2"]
[White "Fernando, Diogo"]
[Black "Macedo, Maximo Iack Miranda"]
[Result "1-0"]
[WhiteElo "2496"]
[BlackElo "2310"]
[PlyCount "33"]
[EventDate "2009.10.23"]
[EventType "tourn"]
[EventRounds "9"]
[EventCountry "BRA"]
[SourceTitle "EXT 2022"]
[Source "ChessBase"]
[SourceDate "2021.10.06"]
[SourceVersion "1"]
[SourceVersionDate "2021.10.06"]
[SourceQuality "1"]

1. e4 e6 2. d4 d5 3. Nd2 Nc6 4. Ngf3 Nf6 5. e5 Nd7 6. Be2 f6 7. exf6 Qxf6 8. Nf1 e5 9. Ne3 exd4 10. Nxd5 Qd6 11. Bc4 Nde5 12. Nxe5 Qxe5+ 13. Kf1 Bc5 14. Bf4 Qf5 15. Qd3 Qxd3+ 16. cxd3 Bb6 17. Bxc7 1-0